Quizzes
Events
Quiz Creation
Community
Videos
Private Events
Remove Ads
Sign In
Join for FREE
Feedback
Dark Mode
Quiz Categories
Sports
Geography
Music
Movies
Television
Just For Fun
Miscellaneous
History
Literature
Language
Science
Gaming
Entertainment
Religion
Holiday
For Kids
Quiz Lab
Recent
Popular Today
Quiz Kudos Today
Editor Picks
Curator Picks
Quizzes by...
Day
Popularity
Type
Ratings
Length
Year
Community
Subscriptions
Recent Discussions
Orange Saloon
Badges
Playlists
Quests
Create
Leaderboards
Showdown
Live 5
Trivia Bingo
Activity
Puzzle Library
Sporcle Events
Private Events
Virtual Trivia
Globe League
Become a Host
Pub Owners
SporcleCon
Opinionation
Our Games
Videos
Blog
Mobile Apps
Partnerships
Remove Ads and Go Orange
Feedback
Movies
Disney
Marvel Cinematic Universe
Movie Resume
Movie Titles
Oscar
Actor
Actress
Director
Pixar
Role
Movie Quotes
Movie Characters
Box Office
Nominee
Best Picture
Star Wars
James Bond
Horror Movies
Movies
Disney
Marvel Cinematic Universe
Movie Resume
Movie Titles
Oscar
Actor
Actress
Director
Pixar
Role
Movie Quotes
Movie Characters
Box Office
Nominee
Best Picture
Star Wars
James Bond
Horror Movies
Random Quiz
Search Sporcle
×
Quiz Lab
Quiz Lab
Movies
Disney
Type in answers that appear in a list
Type in answers that appear in a list
Classic
Best Score? Go Orange.
Walt Disney's Creations Stats
Can you name the movies created by Walt Disney?
By
Alesia_freeman10
10m
58 Questions
284 Plays
284 Plays
284 Plays
Comments
Comments
Give Quiz Kudos
Give Quiz Kudos
-
- Ratings
hide this ad
More Info
Replay
Link that replays current quiz
Next Quiz
Link to next quiz in quiz playlist
You Got
0%
They Got
Avg Score
15%
Avg Friend Score
Upgrade to see
Score Distribution
Jump to the score distribution portion of the page
Score
0/58
Timer
10:00
0
Plays Today
Year
Movie
% Correct
1937
Snow White and the Seven Dwarfs
90.1%
1950
Cinderella
78.5%
1940
Pinocchio
69%
1940
Fantasia
68%
1941
Dumbo
65.8%
1942
Bambi
65.8%
1953
Peter Pan
46.1%
1951
Alice in Wonderland
42.3%
1967
The Jungle Book
41.2%
1964
Mary Poppins
37.3%
1960
One Hundred and One Dalmatians
32%
1944
The Three Caballeros
28.2%
1963
The Sword in the Stone
27.1%
1960
Swiss Family Robinson
13.4%
1957
Old Yeller
13%
1950
Treasure Island
10.2%
1954
20,000 Leagues Under the Sea
10.2%
1941
The Reluctant Dragon
9.5%
1960
Pollyanna
9.2%
1955
Davy Crockett, King of the Wild Frontier
8.5%
1961
The AbsentMinded Professor
6.7%
1961
Babes in Toyland
6%
1963
Summer Magic
5.6%
1965
That Darn Cat!
5.6%
1953
The Sword and the Rose
4.9%
1953
Rob Roy: The Highland Rogue
3.9%
1956
The Great Locomotive Chase
3.9%
1957
Johnny Tremain
3.9%
1958
The Sign of Zorro
3.9%
Year
Movie
% Correct
1966
Follow Me, Boys!
3.9%
1960
Kidnapped
3.5%
1962
Big Red
3.5%
1963
Son of Flubber
3.5%
1956
Westward Ho the Wagons!
3.2%
1958
The Light in the Forest
3.2%
1960
Ten Who Dared
3.2%
1965
The Monkey's Uncle
3.2%
1966
The Ugly Dachshund
3.2%
1962
Moon Pilot
2.8%
1963
Savage Sam
2.8%
1963
The Incredible Journey
2.8%
1964
The Misadventures of Merlin Jones
2.8%
1964
The Three Lives of Thomasina
2.8%
1967
The Happiest Millionaire
2.8%
1962
Bon Voyage!
2.5%
1962
Almost Angels
2.5%
1964
The Moon Spinners
2.5%
1964
Emil and the Detectives
2.5%
1952
The Story of Robin Hood and His Merry Men
2.1%
1954
Stormy, the Thoroughbred
2.1%
1959
Third Man on the Mountain
2.1%
1963
Miracle of the White Stallions
2.1%
1960
Donald Duck and His Companions
1.8%
1966
The Fighting Prince of Donegal
1.8%
1961
Greyfriars Bobby: The True Story of a Dog
1.4%
1963
Dr. Syn, Alias the Scarecrow
1.4%
1967
Monkeys, Go Home!
1.4%
1966
Lt. Robinson Crusoe, U.S.N
1.1%
Quiz Playlist
Details
Report
Send in Message
Add To Playlist
More Info:
These are Walt Disney's complete FILMS that he produced. These do no include shorts or documentaries.
Classic:
Type in answers that appear in a list
Last Updated: Feb 16, 2017
Quiz Scoreboard
CHALLENGE
Sign Up to Join the Scoreboard
Show All
Scores
Hide
Comments
May contain spoilers
Recently Published
Alphabetical 'K' Countries by Flag Minefield
by ylime102
Geography
3m
Pick 6: Fruits
by JohnFran
Miscellaneous
15s
Click the 1999 NBA Draft
by nibperrychub
Sports
2m
More to Explore
Quiz From the Vault
Featured Blog Post
15 Basketball Trivia Facts You Can Be March Mad About
hide this ad
You Might Also Like...
Tags
Disney Quiz
creation
Walt
Walt Disney
Today's Top Quizzes in Movies
Browse Movies
hide this ad
Today's Top Quizzes in Disney
Browse Disney
Top Contributed Quizzes in Movies
1
Pick 6: Harry Potter
2
Pick 6: Movie Franchises
3
Pick 6: Actors
4
Pick 6: Actresses
5
Pick 6: Disney Princesses
6
Match The President To The Fictional Crisis
7
Movies of the Seasons
8
Harry Potter Logic Puzzle
9
Seasonal Films
10
10 Quentin Tarantino Movies in Order
Explore More
Trending Topics
Disney
Anime
Crossword
Kpop
Harry Potter
NBA
Marvel
Puzzle
Soccer
Pokémon
The Office
Country
WWE
Song
NFL
hide this ad
More By:
Alesia_freeman10
Quiz
Plays
Rating
Category
Featured
Created
Beauty and the Beast Characters by Picture
27,057
4.22
Movies
Jun 15, 2011
True Blood Characters (Part 1)
1,304
4.83
Television
Jun 21, 2011
The Aristocat Characters
690
1.00
Movies
Jun 15, 2011
Lesser Known Animated Disney Characters
506
3.50
Movies
Jun 15, 2011
True Blood Characters (Part 2)
367
5.00
Television
Jun 22, 2011
Go to Creator's Profile
Score Distribution
Quiz Creator Spotlight
Alesia_freeman10
Follow
Send a Message
Quizzes Created
-
Created Quiz Play Count
-
More By This Creator
Popular Quizzes Today
1
Countries of Asia Without Outlines Minefield
2
Find the US States - No Outlines Minefield
3
Pick 6: Fruits
4
Alphabetical 'K' Countries by Flag Minefield
5
The Countries of the World
6
Find the US States
7
US States
8
Find the Countries of Europe - No Outlines Minefield
More Movies Quizzes
In Which Harry Potter Movie: Filius Flitwick
Quiz Lab
Trending Quizzes
Pick 6: Mountains
Pick 6: Harry Potter
Pick 6: Flags
Pick 6: NFL Teams
Pick 6: Movie Franchises
Recently Updated
NWSL Teams
pecheneg
Women's Final Four Teams by Year
bhenderson79
Presidents Quartet II
eogle
Anything But Clue(do)
eogle
Anything But Oceanian Capitals
eogle
Anything But 7
eogle
Anything But Thing
eogle
Word Ladder: February 29
pecheneg
Song Title Questions
pecheneg
Women's NCAA Tournament #1 Seeds
pecheneg
Trending Topics
Marvel
NBA
Kpop
Crossword
Anime
Harry Potter
Disney
WWE
Country
Song
Pokémon
The Office
Soccer
Puzzle
NFL
Your Account Isn't Verified!
In order to create a playlist on Sporcle, you need to verify the email address you used during registration. Go to your
Sporcle Settings
to finish the process.
Report this User
Report this user for behavior that violates our
Community Guidelines
.
Details:
Send Report
Go to the Sporcle.com Mobile Site →
Comments